[Event "Stuttgart-chB int"]
[Site "Ditzingen"]
[Date "2010.05.16"]
[Round "7"]
[White "Kanz, Edwin"]
[Black "Weisensel, Wolfgang"]
[Result "1-0"]
[WhiteElo "1414"]
[BlackElo "1685"]
[PlyCount "36"]
[EventDate "2010.05.13"]
[EventType "swiss"]
[EventRounds "7"]
[EventCountry "GER"]
[SourceTitle "EXT 2018"]
[Source "ChessBase"]
[SourceDate "2017.10.13"]
[SourceVersion "1"]
[SourceVersionDate "2017.10.13"]
[SourceQuality "1"]

1. d4 Nf6 2. Nf3 e6 3. e3 c5 4. Bd3 Nc6 5. a3 d5 6. b3 a6 7. Nbd2 cxd4 8. exd4 Bd6 9. Bb2 0-0 10. Ne5 Qc7 11. f4 Bd7 12. 0-0 Rac8 13. Qe1 Qb6 14. Ndf3 Rfd8 15. h3 h6 16. Kh2 Ne8 17. Qh4 Be7 18. Qh5 Bf6 1-0

[Event "Baden-ch AT2"]
[Site "Oberwinden"]
[Date "2007.04.11"]
[Round "5"]
[White "Kanz, Edwin"]
[Black "Steiert, Roland"]
[Result "0-1"]
[WhiteElo "1362"]
[BlackElo "1708"]
[PlyCount "128"]
[EventDate "2007.04.07"]
[EventType "swiss"]
[EventRounds "9"]
[EventCountry "GER"]
[SourceTitle "CBM 117 Extra"]
[Source "ChessBase"]
[SourceDate "2007.05.09"]
[SourceVersion "1"]
[SourceVersionDate "2007.05.09"]
[SourceQuality "1"]

1. d4 c5 2. c3 e6 3. e4 b6 4. Nf3 Bb7 5. Bd3 Qc7 6. 0-0 Ne7 7. Be3 Ng6 8. Qd2 Be7 9. Na3 a6 10. Nc4 Ra7 11. Bg5 f6 12. Be3 b5 13. Na3 0-0 14. dxc5 Bxc5 15. Bxc5 Qxc5 16. Nc2 Ba8 17. Rfe1 Nc6 18. Ncd4 Nge5 19. Nxe5 Nxe5 20. Re3 Qc8 21. b3 Rc7 22. Rc1 Rd8 23. Be2 d5 24. f4 dxe4 25. Qe1 Ng6 26. g3 Rxd4 27. Rb1 Rd8 28. c4 Ne7 29. cxb5 Nf5 30. Qf2 Rc1+ 31. Rxc1 Qxc1+ 32. Kg2 Qxe3 33. Qxe3 Nxe3+ 34. Kf2 Nc2 35. bxa6 e3+ 36. Kf1 Nd4 37. Bc4 Bf3 38. f5 Kf8 39. fxe6 Nxe6 40. Be2 Bxe2+ 41. Kxe2 Rd2+ 42. Kxe3 Rxa2 43. Ke4 Rxa6 44. Kd5 Ke7 45. Kc4 Kd6 46. Kb5 Nc7+ 47. Kb4 Rb6+ 48. Kc4 Na6 49. h4 Rb4+ 50. Kc3 Kc5 51. h5 Nc7 52. g4 Nb5+ 53. Kb2 Nd4 54. g5 Rxb3+ 55. Kc1 f5 56. Kd2 Nf3+ 57. Ke2 Nxg5 58. h6 gxh6 59. Kf2 Kd4 60. Ke2 Rb2+ 61. Ke1 Kd3 62. Kf1 Ke3 63. Kg1 Kf3 64. Kf1 Rb1# 0-1

[Event "Baden-ch AT2"]
[Site "Oberwinden"]
[Date "2007.04.11"]
[Round "6"]
[White "Stratz, Franz Paul"]
[Black "Kanz, Edwin"]
[Result "1/2-1/2"]
[WhiteElo "1549"]
[BlackElo "1362"]
[PlyCount "91"]
[EventDate "2007.04.07"]
[EventType "swiss"]
[EventRounds "9"]
[EventCountry "GER"]
[SourceTitle "CBM 117 Extra"]
[Source "ChessBase"]
[SourceDate "2007.05.09"]
[SourceVersion "1"]
[SourceVersionDate "2007.05.09"]
[SourceQuality "1"]

1. d4 Nf6 2. Nf3 d5 3. Bf4 e6 4. h3 Be7 5. e3 0-0 6. Be2 Nbd7 7. a3 b6 8. c4 Bb7 9. Nbd2 Ne4 10. Rc1 Rc8 11. 0-0 f5 12. Qc2 c5 13. Qb1 h6 14. Nxe4 fxe4 15. Ne5 Nxe5 16. dxe5 Qc7 17. Bh2 Rf7 18. Rcd1 Qc6 19. f3 dxc4 20. fxe4 Rxf1+ 21. Rxf1 Qxe4 22. Qxe4 Bxe4 23. Bxc4 Bd5 24. Bxd5 exd5 25. Kf2 Rf8+ 26. Ke2 Rxf1 27. Kxf1 Kf7 28. Ke2 Ke6 29. Kf3 Bd8 30. b3 Bc7 31. Bg3 Bxe5 32. Be1 Bb2 33. a4 a6 34. Bd2 b5 35. axb5 axb5 36. Ke2 b4 37. Kd3 Ke5 38. Be1 Ke6 39. Bd2 Be5 40. g4 g5 41. Be1 Bc3 42. Bg3 Be5 43. Be1 Bd6 44. Bd2 Kd7 45. Bc1 Ke6 46. Bd2 1/2-1/2